000 01636nam a2200277 a 4500
001 BRCA_2474
005 20190320203827.0
008 201108s1835----fr-#---###---#000-0#spa-u
041 _aspa
044 _afr
084 _a114
_b.E97
_c1835
100 1 _aCervantes Saavedra, Miguel de
_d1547-1616
_9213
245 1 0 _aEl Ingenioso Hidalgo Don Quijote de la Mancha
_ccompuesto por Miguel de Cervantes Saavedra.
260 _aParís
_bLibrería Europea
_c1835
300 _a799 p.
_c22 cm.
500 _aContenido : Primera parte. Retrato de Cervantes. Elogio a Cervantes por José Mor de Fuentes. Dedicatoria del autor. Prólogo del autor. Versos preliminares. Texto. Segunda parte. Dedicatoria del autor. Prólogo del autor. Texto
500 _aEsta edición se basa en la de la Academia de 1819, y el retrato de Cervantes está grabado en acero por Geoffroy. El Elogio de Fuentes es muy disparejo; por una parte alaba sin tasa el Quijote y, por otra, propala muchos disparates sobre sus demás obras. Así dice, por ejemplo, que las Novelas ejemplares se leen sólo por ser de Cervantes. Carece de láminas que figuran en otros ejemplares. Bonito ejemplar semipergamino. Lomos decorados con nervios dorados; planos orlados con filetes, dorados también Lúdovik Osterc
500 _aQM94
650 1 4 _aNovela española
_yÉpoca clásica, 1500-1700
_9215
650 1 4 _aLiteratura española
_yÉpoca clásica, 1500-1700
_9216
650 1 4 _aNovela española
_ySiglo XVII
_9217
650 1 4 _aDon Quijote (Personaje ficticio)
_eNovela
_9218
740 0 _aEl Ingenioso Hidalgo Don Quijote de la Mancha
902 _aQFM
942 _2lcc
_cB
999 _c2215
_d2215